<?xml version="1.0" encoding="UTF-8"?><collection xmlns="info:lc/xmlns/marcxchange-v2"><record format="Unimarc" type="bibliographic"><leader>00600cam  2200205   450 </leader><controlfield tag="001">2306352</controlfield><controlfield tag="003">http://id.bnportugal.gov.pt/bib/porbase/2306352</controlfield><controlfield tag="005">20010104164900.0</controlfield><datafield ind1=" " ind2=" " tag="010"><subfield code="a">0-486-40453-6</subfield><subfield code="b">pbk )</subfield></datafield><datafield ind1=" " ind2=" " tag="035"><subfield code="a">UCJPII_201.iso/10-12-2010/20959</subfield></datafield><datafield ind1=" " ind2=" " tag="035"><subfield code="a">171578</subfield></datafield><datafield ind1=" " ind2=" " tag="100"><subfield code="a">20010104d1998    km y0pory0103    ba</subfield></datafield><datafield ind1="0" ind2=" " tag="101"><subfield code="a">eng</subfield></datafield><datafield ind1=" " ind2=" " tag="102"><subfield code="a">US</subfield></datafield><datafield ind1="1" ind2=" " tag="200"><subfield code="a">Calculus</subfield><subfield code="e">an intuitive and physical approach</subfield><subfield code="f">Morris Kline</subfield></datafield><datafield ind1=" " ind2=" " tag="205"><subfield code="a">2. ed</subfield></datafield><datafield ind1=" " ind2=" " tag="210"><subfield code="a">Mineola</subfield><subfield code="a">New York</subfield><subfield code="c">Dover Publications</subfield><subfield code="d">1998</subfield></datafield><datafield ind1=" " ind2=" " tag="675"><subfield code="a">517.2</subfield><subfield code="v">2med</subfield><subfield code="z">por</subfield></datafield><datafield ind1=" " ind2=" " tag="675"><subfield code="a">517.3</subfield><subfield code="v">2med</subfield><subfield code="z">por</subfield></datafield><datafield ind1=" " ind2="1" tag="700"><subfield code="a">Kline</subfield><subfield code="b">Morris</subfield></datafield><datafield ind1=" " ind2="0" tag="801"><subfield code="a">PT</subfield><subfield code="b">UCJPII</subfield><subfield code="g">RPC</subfield></datafield></record></collection>